000
00344nam a2200157Ia 4500
003
0STCL
008
150530s9999 xx 000 0 und d
040
_a
STCL
_c
STCL
100
_a
Garnett, R.
245
_a
Essays of an ex liberarian
260
_c
1901
546
_a
English
942
_2
ddc
_c
BK
999
_c
51520
_d
51520
005
20220125170842.0